Statistics for Top 10 Smallest US States by Perimeter

Click here to take the quiz!

General Stats

  • This quiz has been taken 29 times
  • The average score is 7 of 10

Answer Stats

kmmiState% Correct
784487Rhode Island
96%
848527Delaware
89%
998620New Hampshire
89%
629391Vermont
89%
1,332828Connecticut
81%
1,6931,052Hawaii
70%
1,6401,019Iowa
52%
1,603996West Virginia
48%
1,487924Indiana
41%
1,7231,071Pennsylvania
41%

Score Distribution

Percentile by Number Answered

Percent of People with Each Score

Your Score History

You have not taken this quiz